ملت ا سلا میا ن کی مختصر تا ر یخ (Record no. 146899)

MARC details
000 -LEADER
fixed length control field 01056nam a22002537a 4500
005 - DATE AND TIME OF LATEST TRANSACTION
control field 20171129102354.0
010 ## - LCCN (DPL NO)
LC control number UR-9847-50
020 6# - INTERNATIONAL STANDARD BOOK NUMBER
Terms of availability 215.00(vol.1)
020 6# - INTERNATIONAL STANDARD BOOK NUMBER
Terms of availability 270.00(vol.2)
020 6# - INTERNATIONAL STANDARD BOOK NUMBER
Terms of availability 210.00(vol.3)
020 6# - INTERNATIONAL STANDARD BOOK NUMBER
Terms of availability 220.00(vol.4)
035 ## - SYSTEM CONTROL NUMBER
System control number U-8402-05
037 ## - SOURCE OF ACQUISITION
Source of stock number/acquisition DBAD/PUB
082 ## - DEWEY DECIMAL CLASSIFICATION NUMBER
Classification number 270.54
100 ## - MAIN ENTRY--PERSONAL NAME
Personal name ثر و ت صو لت
245 ## - TITLE STATEMENT
Title ملت ا سلا میا ن کی مختصر تا ر یخ
Statement of responsibility, etc ثر و ت صو لت
246 ## - VARYING FORM OF TITLE
Remainder of title
Title proper/short title Millat-e-Islamia ki Mukhtasar Tareekh
250 ## - EDITION STATEMENT
Edition statement by Sarwat Saulat
260 ## - PUBLICATION, DISTRIBUTION, ETC. (IMPRINT)
Place of publication, distribution, etc نئی د لی
Name of publisher, distributor, etc Merkazi Maktaba Islami Publishers
Date of publication, distribution, etc 2014(vol.1-3),2016(vol.3)
270 ## - ADDRESS
Address D307,Dawat Nagar,Abul Fazal Enclave,Jamia Nagar ,
City New Delhi
Postal code 110025
Telephone number 01126971652
Fax number -
300 ## - PHYSICAL DESCRIPTION
Extent 396(vol.1),572(vol.2),392(vol.3),410(vol.4)ص
Dimensions 22 Cm.(B.b)
500 ## - GENERAL NOTE
General note دو حصہ
942 ## - ADDED ENTRY ELEMENTS (KOHA)
Source of classification or shelving scheme Dewey Decimal Classification
Item type Urdu Bks
Classification part 270.54
Call number suffix ث ر و
Edition
Holdings
Withdrawn status Lost status Materials specified (bound volume or other part) Not for loan Collection code Home library Current library Date acquired Source of acquisition Cost, normal purchase price Full call number Barcode Copy number Cost, replacement price Koha item type
    vol.4   Non-fiction Central Library Central Library 27/10/2017 DBAD/PUB. 220.00 270.54 ث ر و U-8405 1 220.00 Urdu Bks
    Vol,1   Non-fiction D.B.Act.Division D.B.Act.Division 27/10/2017 DBAD/PUB. 215.00 270.54 ث ر و U-8402 1 215.00 Urdu Bks
    vol.2 Not For Loan Non-fiction D.B.Act.Division D.B.Act.Division 27/10/2017 DBAD/PUB. 270.00 270.54 ث ر و U-8403 1 270.00 Urdu Bks
    Vol.3 Not For Loan Non-fiction D.B.Act.Division D.B.Act.Division 27/10/2017 DBAD/PUB. 210.00 270.54 ث ر و U-8404 1 210.00 Urdu Bks

© Delhi Public Library
Hit Counter
free hit counter